书目信息 |
| 题名: |
100个改革开放精彩瞬间
|
|
| 作者: | 赵江林 , 侯波 主编 | |
| 分册: | ||
| 出版信息: | 北京 中国社会科学出版社 2021.10 |
|
| 页数: | 360页 | |
| 开本: | 21cm | |
| 丛书名: | ||
| 单 册: | ||
| 中图分类: | D61-53 | |
| 科图分类: | ||
| 主题词: | 改革开放--gai ge kai fang--中国--文集 | |
| 电子资源: | ||
| ISBN: | 978-7-5203-8975-4 | |
| 000 | 00750nam0 2200229 450 | |
| 001 | 011025153937 | |
| 005 | 20221025153937.0 | |
| 010 | @a978-7-5203-8975-4@dCNY48.00 | |
| 100 | @a20201004d2021 em y0chiy0120 ea | |
| 101 | 0 | @achi |
| 102 | @aCN@b110000 | |
| 105 | @ay z 000yy | |
| 106 | @ar | |
| 200 | 1 | @a100个改革开放精彩瞬间@A100ge gai ge kai fang jing cai shun jian@f赵江林, 侯波主编 |
| 210 | @a北京@c中国社会科学出版社@d2021.10 | |
| 215 | @a360页@d21cm | |
| 330 | @a本书收录了《恢复高考:迎来科学的春天》、《让世界赞誉的“陈氏定理”》等文章。 | |
| 606 | 0 | @a改革开放@Agai ge kai fang@y中国@j文集 |
| 690 | @aD61-53@v5 | |
| 701 | 0 | @a赵江林@Azhao jiang lin@4主编 |
| 701 | 0 | @a侯波@Ahou bo@4主编 |
| 905 | @a河南城建学院图书馆@dD61-53@eZ303 | |
| 100个改革开放精彩瞬间/赵江林, 侯波主编.-北京:中国社会科学出版社,2021.10 |
| 360页;21cm |
| ISBN 978-7-5203-8975-4:CNY48.00 |
| 本书收录了《恢复高考:迎来科学的春天》、《让世界赞誉的“陈氏定理”》等文章。 |
| ● |
| 相关链接 |
|
|
|
正题名:100个改革开放精彩瞬间
索取号:D61-53/Z303
 
预约/预借
| 序号 | 登录号 | 条形码 | 馆藏地/架位号 | 状态 | 备注 |
| 1 | 1590232 | 215902325 | 社科库509/509社科库 72排2列4层/ [索取号:D61-53/Z303] | 在馆 | |
| 2 | 1590233 | 215902334 | 社科库509/509社科库 72排2列4层/ [索取号:D61-53/Z303] | 在馆 |